000 00470nam a22001697a 4500
005 20230224150847.0
008 230224b ||||| |||| 00| 0 eng d
020 _a9781108859742
040 _cAACR2
082 _a004.68 MIS
100 _aMishra, Sudip and et.al.
_914515
245 _aIntroduction to internet of things
260 _aNew Delhi
_bCambridge University Press
_c2022
300 _aXVI, 387p.
650 _aInternet of things
_914516
942 _2ddc
_cBK
999 _c194467
_d194467